Problematika malých a stredných podnikov
Vývoj počtu malých a stredných podnikov v Slovenskej republike. Faktory ovplyvňujúce malé a stredné podniky v SR. Odvodové a daňové zaťaženie. Odvody do sociálnej a zdravotnej poisťovne. Problematika daní. Vývoj sadzieb DPH na Slovensku. Sadzby spotrebných daní z minerálnych olejov. Daň z príjmov fy...
Salvato in:
| Autore principale: | |
|---|---|
| Natura: | Capitolo di libro |
| Lingua: | slovacco |
| Soggetti: | |
| Tags: |
Nessun Tag, puoi essere il primo ad aggiungerne!!
|
MARC
| LEADER | 00000naa$a2200000$$$4500 | ||
|---|---|---|---|
| 001 | 0067323 | ||
| 005 | 20240502083200.5 | ||
| 041 | 0 | |a slo | |
| 044 | |a CZ | ||
| 245 | 1 | 0 | |a Problematika malých a stredných podnikov |c Elena Šúbertová |
| 520 | |a Vývoj počtu malých a stredných podnikov v Slovenskej republike. Faktory ovplyvňujúce malé a stredné podniky v SR. Odvodové a daňové zaťaženie. Odvody do sociálnej a zdravotnej poisťovne. Problematika daní. Vývoj sadzieb DPH na Slovensku. Sadzby spotrebných daní z minerálnych olejov. Daň z príjmov fyzických osob. Daň z príjmov právnických osôb. Pretrvávanie problémov pri podnikaní. | ||
| 610 | 2 | 0 | |a podnikanie |
| 610 | 2 | 0 | |a prostredie podnikateľské |
| 610 | 2 | 0 | |a podnik malý |
| 610 | 2 | 0 | |a podnik stredný |
| 610 | 2 | 0 | |a zaťaženie daňové |
| 610 | 2 | 0 | |a dane spotrebné |
| 610 | 2 | 0 | |a dane z hodnoty pridanej |
| 610 | 2 | 0 | |a odvody |
| 610 | 2 | 0 | |a dane z príjmov |
| 610 | 2 | 0 | |a Slovensko |
| 100 | 1 | |a Šúbertová, Elena | |